USING ARTIFICIAL NEURAL NETWORK MODLING TO CAPTURE AND SIMULATE IN AN ALTERNATE ARRANGEMENT FOR AN AIRSHIP FLIGHT DYNAMICS / (Record no. 608510)

000 -LEADER
fixed length control field 00600nam a22001577a 4500
003 - CONTROL NUMBER IDENTIFIER
control field NUST
082 ## - DEWEY DECIMAL CLASSIFICATION NUMBER
Classification number 670
100 ## - MAIN ENTRY--PERSONAL NAME
Personal name RASHID, KHURRAM
245 ## - TITLE STATEMENT
Title USING ARTIFICIAL NEURAL NETWORK MODLING TO CAPTURE AND SIMULATE IN AN ALTERNATE ARRANGEMENT FOR AN AIRSHIP FLIGHT DYNAMICS /
Statement of responsibility, etc. KHURRAM RASHID
264 ## - PRODUCTION, PUBLICATION, DISTRIBUTION, MANUFACTURE, AND COPYRIGHT NOTICE
Place of production, publication, distribution, manufacture Islamabad:
Name of producer, publisher, distributor, manufacturer SMME- NUST.
Date of production, publication, distribution, manufacture, or copyright notice 2019.
300 ## - PHYSICAL DESCRIPTION
Extent 110p. ;
Other physical details Soft Copy ,
Dimensions 30cm.
650 ## - SUBJECT ADDED ENTRY--TOPICAL TERM
Topical term or geographic name entry element MS Design and Manufacturing Engineering
700 ## - ADDED ENTRY--PERSONAL NAME
Personal name Supervisor : Dr Riaz Ahmed
856 ## - ELECTRONIC LOCATION AND ACCESS
Uniform Resource Identifier <a href="http://10.250.8.41:8080/xmlui/handle/123456789/38852">http://10.250.8.41:8080/xmlui/handle/123456789/38852</a>
942 ## - ADDED ENTRY ELEMENTS (KOHA)
Source of classification or shelving scheme
Koha item type Thesis
Holdings
Withdrawn status Permanent Location Current Location Shelving location Date acquired Full call number Barcode Koha item type
  School of Mechanical & Manufacturing Engineering (SMME) School of Mechanical & Manufacturing Engineering (SMME) Thesis 03/01/2024 670 SMME-TH-423 Thesis
© 2023 Central Library, National University of Sciences and Technology. All Rights Reserved.